| 000 | 02591ncm0a2200433 4500 | ||
|---|---|---|---|
| 001 | RU\NLR\ONIZ\308958 | ||
| 005 | 20260315072853.0 | ||
| 035 | _a(NLR Aleph) 022751111 | ||
| 071 | 2 | 0 | _aМ. 13218 Г. |
| 090 |
_a13634996 _c13634996 |
||
| 100 | _a20260113d1938 u y0rusy50 ca | ||
| 101 | 0 | _arus | |
| 102 | _aRU | ||
| 125 | _ac| | ||
| 128 | _aco | ||
| 145 | 0 | _ab | |
| 200 | 1 |
_aКонцерт a-moll для скрипки с оркестром _bНоты _e[op. 3 № 6, RV 356] _fА. Вивальди _gобработка для скрипки и фп. Т. Нашэ _gпартия скрипки изд. в ред. Л. Цейтлина |
|
| 203 |
_aМузыка _bзнаковая _bвизуальная _cнепосредственная |
||
| 210 |
_aМосква _cМузгиз _d1938 |
||
| 215 |
_a13 с., 1 парт. _d30 см |
||
| 313 | _aСистематизация документа проведена по изданию - Методика классифицирования музыкальных произведений (нотных изданий) по таблицам Библиотечно-библиографических классификаций : метод. рекомендации / Гос. б-ка СССР им. В.И. Ленина.- М., 1977. Индексу ББК методических рекомендаций присваивается код ББК для научных библиотек - LBC/SL | ||
| 606 | 1 |
_aСкрипичная музыка итальянская _z17-18 вв. _jНоты _2nlr_sh |
|
| 606 | 1 |
_aКонцерты для скрипки с оркестром _yИталия _z17-18 вв. _jНоты _2nlr_sh |
|
| 606 | 1 |
_aМузыкальные произведения для скрипки с фортепиано _yИталия _z17-18 вв. _jНоты _2nlr_sh |
|
| 686 | 0 | _aЩ955.4-042(4Ит)Фп | |
| 700 | 1 |
_9z01790 _aВивальди _bА. Л. _f1678-1741 _gАнтонио Лучо _4230 _7ca |
|
| 702 | 1 |
_9z02790 _aНачез (Наше) _bТ. _f1859-1930 _gТивадар _4340 _4030 _7ca |
|
| 702 | 1 |
_9z03790 _aЦейтлин _bЛ. _cкомпозитор _f1884-1930 _gЛео _4340 _7ca |
|
| 790 | 1 |
_9z01700 _aVivaldi _bA. L. _f1678-1741 _gAntonio Lucio _4230 _7ba |
|
| 790 | 1 |
_9z02702 _aNachéz _bT. _f1859-1930 _gTivadar _4340 _4030 _7ba |
|
| 790 | 1 |
_9z03702 _aCeitlin _bL. _cкомпозитор _f1884-1930 _gLeo _4340 _7ba |
|
| 801 | 0 |
_aRU _bNLR _c20260113 _gPSBO |
|
| 801 | 1 |
_aRU _bNLR _c20260113 _2rusmarc |
|
| 801 | 2 |
_aRU _bNLR _c20260310 |
|
| 852 |
_aNLR _jМ К-4/6804 _m274499 _t1 |
||
| 942 | _cSCORE | ||
| 980 | _aONIZ | ||
| 980 | _aNB | ||